It looks like you're offline.
Open Library logo
additional options menu

MARC Record from Library of Congress

Record ID marc_loc_2016/BooksAll.2016.part42.utf8:98944722:2107
Source Library of Congress
Download Link /show-records/marc_loc_2016/BooksAll.2016.part42.utf8:98944722:2107?format=raw

LEADER: 02107cam a22003978i 4500
001 2015045463
003 DLC
005 20151121083621.0
008 151120t20162013nyu 000 1 eng
010 $a 2015045463
020 $a9781250077127 (hardcover)
020 $z9781466888968 (ebook)
040 $aDLC$beng$erda$cDLC
042 $apcc
050 00 $aPR6106.L459$bB55 2016
082 00 $a823/.92$223
084 $aFIC044000$aFIC027020$2bisacsh
100 1 $aFletcher, Giovanna,$eauthor.
245 10 $aBilly and me :$ba novel /$cGiovanna Fletcher.
250 $aFirst U.S. edition.
263 $a1604
264 1 $aNew York :$bThomas Dunne Books/St. Martin's Press,$c2016.
264 4 $c©2013
300 $apages ; cm
336 $atext$2rdacontent
337 $aunmediated$2rdamedia
338 $avolume$2rdacarrier
520 $a"In this utterly sweet and moving women's fiction novel, a celebrity comes to town and sweeps a young woman - who is used to being overlooked - off her feet. Sophie May is content with her life in her small English village, working in the local coffee shop and living with her mom. But when famous actor Billy comes to town to play Mr. Darcy in a new film adaptation of Pride and Prejudice, Sophie's quiet life is quickly turned on its head. Billy is adored by women around the world, but he only wants Sophie on his arm. But being with Billy comes at a price, and Sophie is thrown in the spotlight after years of shying away from attention. Can she handle the constant scrutiny that comes with being with Billy? Brimming with humor, wit, and genuine warmth, Billy and Me is a book about taking a chance on life and on love"--$cProvided by publisher.
650 0 $aSingle women$vFiction.
650 0 $aActors$vFiction.
650 0 $aFame$vFiction.
650 0 $aMan-woman relationships$vFiction.
650 7 $aFICTION / Contemporary Women.$2bisacsh
650 7 $aFICTION / Romance / Contemporary.$2bisacsh
655 7 $aLove stories.$2gsafd
856 42 $3Cover image$uhttp://www.netread.com/jcusers2/bk1388/127/9781250077127/image/lgcover.9781250077127.jpg